000 01055nam a22002657a 4500
005 20100915122746.0
008 100915t xxu||||| |||| 00| 0 hin d
010 _aHIN-90498
020 _a9788190167789
_c350.00
035 _aHN-62844
037 _bDBAD / PUB
040 _aDPL
_bHN
082 _a
100 _aरंजन, सी.
_920178
245 _aसफेद चादर /
_cसी. रंजन
246 _aSfed Chadar
_bby C. Ranjan
260 _aदिल्ली
_bजन जागरण साहित्य
_c2010
270 _aएल-46, गली नं 5, शिवाजी मार्ग, करतार नगर
_bदिल्ली
_e110053
300 _a192पृ.
_c22सेमी (सजिल्द)
650 _91159
_aहिन्दी कथा साहित्य
700 _920179
700 _920333
942 _2ddc
_cHN
_h
_mरंजन
999 _c46221
_d46221